Lecciones de derecho penal chileno: parte especial

Saved in:
Bibliographic Details
Main Author: Politoff Lifschitz, Sergio (autor)
Other Authors: Matus Acuña, Jean Pierre (autor), Ramírez Guzmán, María Cecilia (autora)
Format: Book
Language:Spanish
Published: Santiago Jurídica de Chile 2005
Edition:2a. ed
Subjects:
Tags: Add Tag
No Tags, Be the first to tag this record!

MARC

LEADER 00000cam a2200000 a 4500
001 UCK5202
003 CL-VaPUC
008 050715e20050000CL |||||||||||||||||spa|d
020 |a 9561016257 
082 0 4 |a 345.8302  |b POL  |2 21 
100 |a Politoff Lifschitz, Sergio  |e autor  |9 254838 
700 |a Matus Acuña, Jean Pierre  |e autor  |9 622291 
700 |a Ramírez Guzmán, María Cecilia  |e autora  |9 602283 
245 1 0 |a Lecciones de derecho penal chileno: parte especial 
250 |a 2a. ed 
300 |a 689 p 
942 |c BK 
945 |d 20050715 00:00:00  |a cmena 
260 |a Santiago  |b Jurídica de Chile  |c 2005 
650 7 |a DERECHO PENAL CHILENO  |2 CL-VaPUC  |9 493917 
650 0 |a Código penal  |9 255935 
650 0 |a Derecho procesal penal   |9 256392 
650 0 |a Jurisprudencia  |9 255952 
583 |a last modification  |c 20130821 07:35:35  |k Rodrigo Vera 
999 |c 313836  |d 313834 
952 |0 0  |1 0  |4 0  |6 345_830200000000000_POL_2005  |7 0  |8 A  |9 385490  |a BIBDER  |b BIBDER  |d 2019-11-22  |i 4147421  |l 11  |o 345.8302 POL 2005  |p 4147421  |r 2023-06-19  |s 2023-06-07  |w 2019-11-22  |y BK  |k DER 
952 |0 0  |1 0  |4 0  |6 345_830200000000000_POL_2005  |7 0  |8 A  |9 385494  |a BIBDER  |b BIBDER  |d 2019-11-22  |i 4147464  |l 4  |m 3  |o 345.8302 POL 2005  |p 4147464  |r 2023-09-27  |s 2023-09-27  |w 2019-11-22  |y BK  |k DER 
952 |0 0  |1 0  |4 0  |6 345_830200000000000_POL_2005  |7 0  |8 A  |9 385495  |a BIBDER  |b BIBDER  |d 2019-11-22  |i 4367731  |l 1  |o 345.8302 POL 2005  |p 4367731  |r 2023-01-25  |s 2020-05-28  |w 2019-11-22  |y BK  |k DER 
952 |0 0  |1 0  |4 0  |6 345_830200000000000_POL_2005  |7 0  |8 A  |9 385497  |a BIBDER  |b BIBDER  |d 2019-11-22  |i 4375777  |l 1  |o 345.8302 POL 2005  |p 4375777  |r 2024-06-26  |s 2024-06-26  |w 2019-11-22  |y BK  |k DER 
952 |0 0  |1 0  |4 0  |6 345_830200000000000_POL_2005  |7 0  |8 A  |9 385499  |a BIBDER  |b BIBDER  |d 2019-11-22  |i 4484657  |o 345.8302 POL 2005  |p 4484657  |r 2023-01-25  |w 2019-11-22  |y BK  |k DER